000
00301nam a2200109Ia 4500
008
230907s9999||||xx |||||||||||||| ||und||
082
_a
620.5
_b
NAN
245
0
_a
Nanotechnology and nanoelectronics :
260
_a
Springer-Verlag,
_b
Berlin ; | New York :
_c
2005
300
_a
xvi, 269 p. :
942
_c
BK
999
_c
598495
_d
598495